| 000 | 00553nam a22001817a 4500 | ||
|---|---|---|---|
| 999 |
_c7902 _d7902 |
||
| 003 | OSt | ||
| 005 | 20240529140936.0 | ||
| 008 | 240529b ||||| |||| 00| 0 eng d | ||
| 040 |
_aCDMR _bcat _cCDMR |
||
| 100 | 0 |
_91346 _aKap |
|
| 245 |
_aJMS _b: Josep Maria Serra : l'art del dibuix de premsa _c/ [per Jaume Capdevila] |
||
| 260 |
_a[Barcelona _b: s.n.], _c2024 |
||
| 300 | _a65 pàgines | ||
| 600 | 0 |
_94947 _aSerra, Josep Maria _d(1922-2002) |
|
| 650 | 0 |
_93384 _aDibuixants _zCatalunya |
|
| 650 | 0 |
_93084 _aHumorisme gràfic _zCatalunya |
|
| 942 |
_2udc _cMON |
||